000 00390 a2200169 4500
001 57555
020 _a8506019915
040 _cAnchieta - Pituba
100 _aThomson, Michael
240 1 0 _aEm busca dos nĂºmeros perdidos
_lpor
245 1 0 _aEm busca dos nĂºmeros perdidos
300 _a71
362 0 _a1994
440 1 _aMelhoramentos
650 4 _aLiteratura juvenil
942 _cBK
999 _c57555
_d57555